| 000 | 00392nam a2200109Ia 4500 | ||
|---|---|---|---|
| 008 | 171204s9999 xx 000 0 und d | ||
| 245 | _aSoft Computing Applications For Renewable Energy And Energy Efficiency: | ||
| 245 | _cMaria del Socorro GarcĂa Cascales | ||
| 260 | _c2014 | ||
| 650 | _xEMERGING TRENDS IN COMPUTING | ||
| 856 | _uhttp://down.ebook777.com/002/SofComAppForRenEneAndEneEff.pdf | ||
| 999 |
_c347149 _d347149 |
||